Devinez le Pays mystère - N°6 - Statistiques

Statistiques générales
  • Ce quiz a été pris 273 fois
  • Le résultat moyen est 7 sur 11
Statistiques - réponses
Type de quiz Réponse % Correct
Lettre A
97%
Lettre M
70%
Lettre E
62%
Lettre A
61%
Lettre I
61%
Lettre I
59%
Réponse Mauritanie
59%
Lettre N
59%
Lettre R
59%
Lettre T
59%
Lettre U
59%
Aucun quiz correspondant
Distribution des résultats
% des personnes avec chaque résultat
Percentile par nombre de réponses
Votre historique - résultats
Vous n’avez pas pris ce quiz